Sử dụng - Sửa chữa tủ lạnh & máy lạnh /

Chương 1: Nguyên lý làm việc và các bộ phận chủ yếu của tủ lạnh có máy nén

Gorde:
Xehetasun bibliografikoak
Egile nagusia: Ngọc Minh
Formatua: Liburua
Hizkuntza:Vietnamese
Argitaratua: Tp.HCM : Đại học Quốc gia TP. HCM , 2000
Edizioa:In lần thứ 1
Gaiak:
Etiketak: Etiketa erantsi
Etiketarik gabe, Izan zaitez lehena erregistro honi etiketa jartzen!
Thư viện lưu trữ: Thư viện Trường CĐ Kỹ Thuật Cao Thắng
LEADER 01891nam a2200349 a 4500
001 TVCDKTCT4270
003 Thư viện trường Cao đẳng Kỹ thuật Cao Thắng
005 20220921093348.000
008 051208
980 \ \ |a Thư viện Trường CĐ Kỹ Thuật Cao Thắng 
024 |a RG_1 #1 eb0 i1 
041 0 # |a vie 
082 # # |a 621.57 /   |b NG419M-s 
100 1 # |a Ngọc Minh 
245 0 0 |a Sử dụng - Sửa chữa tủ lạnh & máy lạnh /   |c Ngọc Minh 
250 # # |a In lần thứ 1 
260 # # |a Tp.HCM :   |b Đại học Quốc gia TP. HCM ,   |c 2000 
300 # # |a 194tr. ;   |c 19cm 
520 # # |a Chương 1: Nguyên lý làm việc và các bộ phận chủ yếu của tủ lạnh có máy nén 
520 # # |a Chương 2: Thiết bị điện và thiết bị tự động của tủ lạnh 
520 # # |a Chương 3: Sử dụng và bảo quản tủ lạnh 
520 # # |a Chương 4: Sửa chữa tủ lạnh 
520 # # |a Chương 5: Một vài loại tủ lạnh khác 
520 # # |a Chương 6: Nguyên lý làm việc 
520 # # |a Chương 7: Một số sơ đồ điện và những hư hỏng của máy điều hòa nhiệt độ 
520 # # |a Tài liệu cung cấp các kiến thức cơ bản như nguyên lý làm việc, cấu tạo, các hư hỏng có thể xảy ra và phương pháp sửa chữa tủ lạnh và máy lạnh. Nội dung cụ thể gồm các vấn đề như : 
650 # 4 |a Bảo trì hệ thống lạnh 
650 # 4 |a Sửa chữa hệ thống lạnh 
650 # 4 |a Thermal Engineering Technology 
653 # # |a Air Conditioning Systems Maintenance 
721 # # |a CNKT Nhiệt lạnh 
841 # # |b Kho Sách   |j 100013324, 100013325, 100013337, 100013339, 100013340